Statistiques concernant Personnages de jeux vidéos

Cliquez ici pour prendre le quiz!

Statistiques générales

  • Ce quiz a été pris 62 fois
  • Le résultat moyen est 4 sur 15

Statistiques - réponses

Jeu(x)DescriptionRéponse% Correct
FIFACélèbre commentateur de la licence de FIFA 07 à 22Hervé Mathoux
55%
PokémonMont Argenté, Pikachu niveau 88, aucune parole, un combat épique qui a traumatisé une génération entièreRed
53%
Animal CrossingVendeur puis agent immobilier et enfin dirigeant de la formule évasion île déserte, souvent détester par les joueurs de part son air cupide, il forme un trio hors norme avec ses neveux Méli et MéloTom Nook
53%
PikminS’écrase sur la planète des Pikmin, il a 30 jours pour réparer son vaisseau, le Dolphin, après cela il mourra intoxiqué par l'oxygèneOlimar
32%
Modern WarfareUne barbe et un chapeau iconiques pour l’un des plus célèbres personnage de la série MWJohn Price
30%
OverwatchAstrophysicien excentrique et lunatique capable de contrôler la pesanteurSigma
30%
BO Cold WarPersonnage incarné dans la mission Les Échos d’une guerre froide, mais aussi dans les opus précédents avec son compagnon d’armes Franck WoodsAlex Mason
21%
Lego city undercoverOn suit les aventures d’un flic pouvant avoir plusieurs casquettes comme par exemple fermier, pompier et même voleur dans le but d’arrêter Rex FuryChase McCain
21%
Far Cry 4Chef d'État du Kyrat et principal antagoniste dans les événements de Far Cry 4, et accessoirement un des méchant les plus charismatiques de la franchise derrière VaasPagan Min
19%
Rainbow 6Le plus grand ami des otages, un homme polyvalent pouvant arborer une batteuse, un bouclier ou une AKFuze
15%
KirbyPremier ennemi des jeux, sauf dans le monde oublié où ils sont capturés par plus fort qu’euxWaddle dee
15%
The walking dead (telltales)Professeur d’université protégeant la jeune Clémentine d’Atlanta à Savannah en passant par Macon dans un monde ravagé par les rôdeursLee
13%
MétroUn russe solide vivant dans un monde post guerre nucléaire avec sa femme AnnaArtyom
8%
COD WW2Il peut fournir au joueur des grenades fumigènes pour les frappes de mortier, un peu raciste, souvent pessimiste, cependant il s’excusera auprès d’Howard pour ses remarques racistesFranck Aiello
6%
Nintendo LandRobot composé d'un écran lumineux bleu ciel présentant deux yeux et une bouche blancs, elle porte un nœud papillon magenta et un petit chapeau rose et blanc, hôtesse du parc Nintendo LandMonita
4%

Distribution des résultats

Percentile par nombre de réponses

% des personnes avec chaque résultat

Votre développement - résultats

Vous n’avez pas pris ce quiz